000 00671nam a2200229 u 4500
005 20240228063711.0
008 100924s2005 r 000 0 eng d
020 _a8426348343
035 _aUPN01000177905
049 _aI
050 4 _aPZ75
_bF3.4 2005
100 1 _aFarias, Juan,
_d1935-
_930834
245 1 0 _aDesde el corazón de la manzana /
_cJuan Farías ; il. de Manuel Uhía.
250 _a2a ed.
260 _aZaragoza, Esp. :
_bEdelvives,
_c2005.
300 _a93 p. :
_bil.
440 0 _aAla delta ;
_v4
650 4 _aLiteratura infantil española
_95892
650 4 _aRelaciones de familia
_96077
650 2 _aVida cotidiana
_96785
905 _aInfantil
999 _c150008
_d150008